000 00526nam a2200145 4500
999 _c10355
_d10355
008 180823b ||||| |||| 00| 0 eng d
022 _a16565649
082 _aDPer 303.405 H22 June -Sept 2016 v.12 n. 7-10
100 _930472
_aLabaco, Chester.
245 _aAMD A8-7600:
_byour wallet's best friend/
_cChester Labaco.
260 _aQuezon City:
_bHardware Zone Phils. Corp.,
_c©June -Sept 2016.
300 _av12 n7, page 46:
_billustrations;
_c28 cm.
650 0 _930473
_aComputer peripherals
_xProcessors.
942 _2ddc
_cPER